| 000 | 00459nam a2200169Ia 4500 | ||
|---|---|---|---|
| 008 | 230917s9999||||xx |||||||||||||| ||und|| | ||
| 020 | _cRS500 | ||
| 040 |
_e229866 _aMAIN |
||
| 041 | _aEnglish | ||
| 082 | _a780.954 S23B | ||
| 100 | _aSharma, Lokesh | ||
| 245 | 0 | _aBharatiya sangeet ki pracheen vidha | |
| 260 |
_aNew Delhi _bLok Sanskriti Prakashan _c2016 |
||
| 300 | _a165 p. | ||
| 500 | _a2234 24/12/2015 SP15/6033 25/12/2015 Main Budget | ||
| 942 | _cBK | ||
| 999 |
_c17145 _d17145 |
||